Score 0/30 Timer 03:00
0 Plays Today
% Correct
Will
97.9%
Toy
93.1%
Daisy
92.1%
Almighty
91.1%
Dazed
90.4%
Clause
87.1%
Blues
85.4%
Polly
83.8%
Annie
79.7%
Sum
79.1%
Perfect
76.7%
Amy
72.6%
Like
72.2%
Fantastic
72%
Trading
71.6%
% Correct
Space
71.5%
Wild
67.7%
Grosse
66.4%
Sin
66.1%
Murder
63.7%
Hannah
61.1%
Crimes
60.2%
Chuck
56.9%
Galaxy
54.6%
Kranks
54.2%
Reindeer
35.1%
Bounty
34.1%
Harry
30.3%
Idle
21.5%
Fockers
12.3%

Today's Daily Dose

Remove Ads.
Support Sporcle.
Get the best of Sporcle when you Go Orange. This ad-free experience offers more features, more stats, and more fun while also helping to support Sporcle. Thank you for becoming a member.

You're not logged in!

Compare scores with friends on all Sporcle quizzes.
OR
Log In

Show Comments

Extras

Top Quizzes Today


Score Distribution

Your Account Isn't Verified!

In order to create a playlist on Sporcle, you need to verify the email address you used during registration. Go to your Sporcle Settings to finish the process.

Report this User

Report this user for behavior that violates our Community Guidelines.

Details: